00646nam a2200217Ia 4500003000900000008004100009040001300050040001300063041000800076100002100084245005100105250001300156260000800169260000900177300001000186490002000196490000600216942000700222999001300229952018600242IT-RoPAU120407s9999 xx 000 0 und d aIT-RoPAU cIT-RoPAU aita aHeinrich Schlier aIl tempo della Chiesa. Saggi esegetici. 4a ed. aBologna  aEDB c1981 c21 cm aStudi religiosi v1 cBK c117d117 00102ddc406220_600000000000000_2071aPAULUSbPAULUSd2012-04-11l0o220.6.20r2012-04-11 00:00:00w2012-04-11yBKzInserito da: In data: n.d. fondo: Via A.Severo 56 Progr:14662